| 000 | 00000nam##2200000za#4500 |
| 001 | 9.557812 |
| 003 | CaOODSP |
| 005 | 20210624172056 |
| 007 | cr ||||||||||| |
| 008 | 150406|1999||||xxc|||||o f|0| 0 eng|d |
| 040 | |aCaOODSP|beng |
| 043 | |an-cn--- |
| 086 | 1 |aH113-1/11-1999E-PDF |
| 110 | 1 |aCanada. |bPest Management Regulatory Agency. |
| 245 | 10|aEffective control of pigeons |h[electronic resource] |
| 260 | |aOttawa - Ontario : |bHealth Canada. |
| 300 | |a2p.|billus. |
| 490 | 1 |aPest note |vApril 1999 |
| 590 | |a10-03-Supp|b2010-06-21 |
| 775 | 08|tLutte efficace contre les pigeons |w(CaOODSP)9.602868 |
| 830 | #0|aPest note ;|vApril 1999|w(CaOODSP)9.504455 |
| 856 | 40|ahttp://publications.gc.ca|qPDF|s575 KB|uhttps://publications.gc.ca/collections/Collection/H113-1-11-1999E.pdf|yApril 1999 |